| 000 | 00917nam a22002777a 4500 | ||
|---|---|---|---|
| 001 | 9832 | ||
| 003 | FISKH | ||
| 005 | 20260303163019.0 | ||
| 008 | 260303b cb ||||| |||| 00| 0 eng d | ||
| 020 | _a01403776410 | ||
| 040 |
_aFISKH _beng _cFISKH _dFISKH |
||
| 050 | _aPZ7 .F23814 .E | ||
| 082 | _a813.54 | ||
| 100 |
_aFarmer, Nancy _eAuthor |
||
| 245 |
_aThe ear, the eye and the arm / _cA novel by Nancy Farmer |
||
| 260 |
_aNew York : _bPenguin Group , _c1994 |
||
| 300 |
_a311 pages : _c20 cm |
||
| 505 | _aR | ||
| 520 | _aIn 2194 in Zimbabwe, General Matsika's three children are kidnapped and put to work in a plastic mine while three mutant detectives use their special powers to search for them. | ||
| 521 | 8 |
_a660
_bLexile |
|
| 521 | 8 |
_aR
_bRaz-Plus |
|
| 650 |
_aChildren's fiction _vChildren's literature |
||
| 650 |
_aScience fiction _vYoung adult |
||
| 942 |
_2ddc _cBK _n0 |
||
| 999 |
_c9832 _d9832 |
||